Normal view
MARC view
Entry Personal Name
001 - CONTROL NUMBER
- control field: 84466
003 - CONTROL NUMBER IDENTIFIER
- control field: dpl
005 - DATE AND TIME OF LATEST TRANSACTION
- control field: 20250902113834.0
008 - FIXED-LENGTH DATA ELEMENTS
- fixed length control field: 250902|| aca||aabn | a|a d
040 ## - CATALOGING SOURCE
- Original cataloging agency: dpl
- Transcribing agency: dpl
100 ## - HEADING--PERSONAL NAME
- Personal name: राकेश , भारतीय
670 ## - SOURCE DATA FOUND
- Source citation: Work cat.: (dpl)213226: विश्व की चुनिंदा विशिष्ट कहानियां /, 2022
